Toy story : (Registro nro. 11997)

Detalles MARC
000 -LIDER
fixed length control field 00877nam a22002657a 4500
001 - NÚMERO DE CONTROL
Identificador de número de control 000719
003 - IDENTIFICACDOR DE NÚMERO DE CONTROL
control field DO-SdBNP
005 - DATE AND TIME OF LATEST TRANSACTION
control field 20180212144504.0
007 - CAMPOS FIJOS DE DESCRIPCIÓN FÍSICA
fixed length control field 000719
008 - ELEMENTOS DE LONGITUD FIJA
fixed length control field 161118b 2009 sp a |||| |||| 00| 0 spa d
020 ## - ISBN
International Standard Book Number 9788444101620
040 ## - FUENTE DE CATALOGACIÓN
Agencia que crea de manera original el registro BPMSU
Idioma de catalogación spa
Agencia que realiza la transcripción BPMSU
082 ## - NÚMERO DE CLASIFICACIÓN DECIMAL DE DEWEY
Classification number xxxx
Item number xxxx
100 1# - ASIENTO PRINCIPAL -- NOMBRE PERSONAL
Nombre personal López Gómez, Luisa M.
245 10 - MENCIÓN DE TITULO
Título Toy story :
Subtítulo aprendo con la J, GUE, GUI, GÜE, GÜI /
Mención de responsabilidad elaborados por Luisa M. López Gómez.
246 ## - VARIACION DEL TÍTULO
Título propiamente dicho o título corto A prendo con la J, GUE, GUI, GÜE, GÜI
260 ## - PUBLICACIÓN, DISTRIBUCIÓN, ETC. (PIE DE IMPRENTA)
Lugar de publicación, distribución, etc León :
Nombre del editor, distribuidor, etc. Everest Internacional,
Fecha de publicación, distribución, etc 2009.
300 ## - DESCRIPCIÓN FÍSICA
Extensión 31 p. :
Otros detalles físicos il. ;
Dimensiones 22 cm.
490 1# - MENCIÓN DE SERIES
Mención de serie Aprendo con las vocales y los fonemas
Volume/sequential designation 13
500 ## - NOTA GENERAL
Nota general Precede al título: Disney
830 #0 - ASIENTO SECUNDARIO DE SERIE--TÍTULO UNIFORME
Título uniforme Aprendo con las vocales y los fonemas ;
Volume number/sequential designation 13
942 ## - ADDED ENTRY ELEMENTS (KOHA)
Source of classification or shelving scheme Dewey Decimal Classification
Koha item type Libros
945 ## - INFORMACIÓN DE PROCESAMIENTO LOCAL
Información de procesamiento local Inventariado, 2018/ YL
956 ## - LOCAL ELECTRONIC LOCATION AND ACCESS (OCLC)
Método de acceso LOPEREZ
Materiales especificados 10
Enlace 20161117
Campo enlazado y núm. de secuencia BPMSU
Nombre de host 00041
Existencias
Withdrawn status Lost status Source of classification or shelving scheme Damaged status Not for loan Collection code Home library Current library Date acquired Source of acquisition Total Checkouts Full call number Barcode Date last seen Price effective from Koha item type Copy number
    Dewey Decimal Classification     Colección Infantil General Biblioteca Pública Metropolitana Salomé Ureña Biblioteca Pública Metropolitana Salomé Ureña 11/18/2016 Sin sellar   xxxx xxxx BPMSU16111416 11/18/2016 11/18/2016 Libros  
    Dewey Decimal Classification     Colección Infantil General Biblioteca Pública Metropolitana Salomé Ureña Biblioteca Pública Metropolitana Salomé Ureña 11/18/2016 Sin sellar   xxxx xxxx BPMSU16111417 11/18/2016 11/18/2016 Libros ej. 2
    Dewey Decimal Classification     Colección Infantil General Biblioteca Pública Metropolitana Salomé Ureña Biblioteca Pública Metropolitana Salomé Ureña 11/18/2016 Sin sellar   xxxx xxxx BPMSU16111418 11/18/2016 11/18/2016 Libros ej. 3